[Event "3rd 4NCL Easter Congress"]
[Site "Mercure Daventry Court Hotel"]
[Date "2023.04.09"]
[Round "4"]
[Board "8"]
[White "Obi, Okwose Marc"]
[Black "Han, Qixiang"]
[Result "0-1"]
[WhiteElo "1772"]
[BlackElo "1365"]
[PlyCount "102"]
[EventDate "2023.04.07"]
[EventRounds "7"]
[EventCountry "ENG"]

1. e4 c5 2. c4 Nc6 3. Nc3 g6 4. g3 Bg7 5. Bg2 a6 6. Nge2 Rb8 7. a4 e5 8. O-O Nge7
9. d3 d6 10. f4 O-O 11. Be3 Nd4 12. h3 Nec6 13. Rb1 Bd7 14. Bxd4 cxd4 15. Nd5 b5
16. axb5 axb5 17. b3 Ne7 18. g4 Nxd5 19. exd5 f5 20. gxf5 Bxf5 21. Ng3 exf4 22. Rxf4
Qg5 23. Rf3 Bd7 24. Ne4 Qe7 25. Ra1 bxc4 26. bxc4 Bf5 27. Ng3 Rb2 28. Nxf5 gxf5 29.
Rc1 Re2 30. Kf1 Re3 31. Ra1 Qg5 32. Kg1 Rfe8 33. Qf1 Rxf3 34. Qxf3 Qe3+ 35. Qxe3
dxe3 36. Re1 Bd4 37. Bf3 Kg7 38. Kg2 Kf6 39. Be2 Ke5 40. Kf3 Rg8 41. Bf1 f4 42. Ke2
Rg3 43. Rb1 f3+ 44. Ke1 Bc3+ 45. Kd1 Rg1 46. Kc2 Kd4 47. c5 e2 48. c6 Rg7 49. Rb7
exf1=Q 50. Rxg7 Qxd3+ 51. Kb3 Qb5+  0-1

[Event "3rd 4NCL Easter Congress"]
[Site "Mercure Daventry Court Hotel"]
[Date "2023.04.09"]
[Round "4"]
[Board "9"]
[White "Johnson, Richard J"]
[Black "Ganguly, Aryaman"]
[Result "0-1"]
[WhiteElo "1874"]
[BlackElo "1255"]
[PlyCount "94"]
[EventDate "2023.04.07"]
[EventRounds "7"]
[EventCountry "ENG"]

1. e4 c5 2. Nf3 d6 3. d4 cxd4 4. Nxd4 Nf6 5. Nc3 g6 6. Be3 Bg7 7. f3 O-O 8. Qd2 Nc6
9. O-O-O d5 10. Qe1 e5 11. Nxc6 bxc6 12. exd5 cxd5 13. Bc5 Re8 14. Bb5 Re6 15. g4
Bh6+ 16. Kb1 a6 17. Qh4 Bf8 18. Bxf8 Qxf8 19. g5 Nh5 20. Qa4 Bb7 21. Bd7 Rd6 22.
Bg4 Ng7 23. Qb4 d4 24. Qxb7 Rb8 25. Qc7 Rdb6 26. b3 dxc3 27. Qxc3 Qe7 28. h4 Rb5
29. Rd7 Qe8 30. Rhd1 Ne6 31. Bxe6 Qxe6 32. f4 a5 33. Qc7 a4 34. Rd8+ Rxd8 35. Qxd8+
Kg7 36. fxe5 Rxe5 37. Qd4 axb3 38. axb3 Kg8 39. Qb4 Qe8 40. Kb2 Re4 41. Qc3 Qe7 42.
Ra1 Qb7 43. Qf6 Re6 44. Qd8+ Kg7 45. Qd4+ Kg8 46. Ra7 Qb8 47. Qd5 Qxa7  0-1

[Event "3rd 4NCL Easter Congress"]
[Site "Mercure Daventry Court Hotel"]
[Date "2023.04.09"]
[Round "4"]
[Board "10"]
[White "Webster, Vivien"]
[Black "Pyun, Lindsay"]
[Result "1/2-1/2"]
[WhiteElo "1591"]
[BlackElo "1544"]
[PlyCount "49"]
[EventDate "2023.04.07"]
[EventRounds "7"]
[EventCountry "ENG"]

1. e4 e5 2. Nf3 Nc6 3. Bc4 Bc5 4. O-O Nf6 5. d3 h6 6. c3 a5 7. a3 d6 8. h3 O-O 9.
Be3 Bxe3 10. fxe3 Ne7 11. Nbd2 a4 12. Qe2 Ng6 13. Rf2 Be6 14. Nh2 c6 15. Bxe6 fxe6
16. Raf1 Qe7 17. Ng4 Nxg4 18. Qxg4 Rxf2 19. Rxf2 Kh7 20. Nf3 Rf8 21. h4 Rf6 22. Qh3
Nf8 23. Ng5+ Kg8 24. Rxf6 Qxf6 25. Nf3  1/2-1/2

[Event "3rd 4NCL Easter Congress"]
[Site "Mercure Daventry Court Hotel"]
[Date "2023.04.09"]
[Round "4"]
[Board "11"]
[White "Han, Qixuan"]
[Black "Dos Santos Silva, Bruno Alexandre"]
[Result "1-0"]
[WhiteElo "1330"]
[BlackElo "1631"]
[PlyCount "107"]
[EventDate "2023.04.07"]
[EventRounds "7"]
[EventCountry "ENG"]

1. b3 f5 2. Bb2 Nf6 3. Nf3 e6 4. g3 b6 5. Bg2 Bb7 6. O-O g6 7. d3 Bg7 8. c4 O-O 9.
Nbd2 Qe7 10. Rc1 c5 11. e3 Na6 12. a3 d6 13. d4 Ne4 14. Qe2 Nxd2 15. Nxd2 Bxg2 16.
Kxg2 e5 17. dxe5 dxe5 18. e4 f4 19. Qg4 Nc7 20. Nf3 Rad8 21. Rcd1 Bf6 22. Bc1 Ne6
23. gxf4 Nxf4+ 24. Bxf4 exf4 25. Qxf4 Bd4 26. Qh4 Qxh4 27. Nxh4 Rf4 28. Kg3 Rxe4
29. Nf3 Re2 30. Rde1 Rde8 31. Rxe2 Rxe2 32. Nxd4 cxd4 33. Rd1 Re4 34. Rd3 Kf7 35.
f3 Re7 36. Rxd4 Re3 37. Rd7+ Kg8 38. Rxa7 Rxb3 39. Rb7 Rxa3 40. Rxb6 Rc3 41. Rc6
Kg7 42. Kg4 h6 43. h4 Rc1 44. c5 Rg1+ 45. Kh3 Rh1+ 46. Kg3 Rg1+ 47. Kh2 Rc1 48. Rc8
Rc4 49. Kg3 g5 50. hxg5 hxg5 51. c6 Kf7 52. c7 Kg7 53. Kh3 Kf7 54. Rh8  1-0

[Event "3rd 4NCL Easter Congress"]
[Site "Mercure Daventry Court Hotel"]
[Date "2023.04.09"]
[Round "4"]
[Board "12"]
[White "Willow, Hambel M"]
[Black "Bryant, Richard BE"]
[Result "1-0"]
[WhiteElo "1625"]
[BlackElo "1850"]
[PlyCount "103"]
[EventDate "2023.04.07"]
[EventRounds "7"]
[EventCountry "ENG"]

1. d4 Nf6 2. c4 e6 3. Nc3 Bb4 4. Qc2 c5 5. e3 b6 6. Nf3 Bb7 7. Bd3 Na6 8. a3 Bxc3+
9. bxc3 Rc8 10. e4 d6 11. e5 dxe5 12. dxe5 Nd7 13. Bxh7 Bxf3 14. gxf3 Nxe5 15. Be4
Nb8 16. Bf4 Nec6 17. Rd1 Qf6 18. Bg3 O-O 19. h4 Ne5 20. Qe2 Ng6 21. Qe3 Nc6 22. h5
Nge5 23. Bh4 Nxc4 24. Bxf6 Nxe3 25. Rg1 Nf5 26. h6 g6 27. h7+ Kxh7 28. Rh1+ Nh6 29.
Bg5 Rfd8 30. Bxh6 Rxd1+ 31. Kxd1 f5 32. Bf4+ Kg7 33. Bxc6 Rxc6 34. Be5+ Kg8 35. Rh8+
Kf7 36. Rh7+ Kf8 37. Rxa7 Rc8 38. Kc2 b5 39. Rb7 b4 40. axb4 cxb4 41. Rxb4 g5 42.
Rb8 Rxb8 43. Bxb8 Ke7 44. Be5 Kd7 45. Kd3 Kc6 46. Kc4 g4 47. fxg4 fxg4 48. Bg3 Kb6
49. Kb4 Kc6 50. c4 Kb6 51. c5+ Kc6 52. Kc4  1-0

[Event "3rd 4NCL Easter Congress"]
[Site "Mercure Daventry Court Hotel"]
[Date "2023.04.09"]
[Round "4"]
[Board "13"]
[White "Jenkins, Theo"]
[Black "Lewis, Evan"]
[Result "1-0"]
[WhiteElo "1479"]
[BlackElo "1622"]
[PlyCount "87"]
[EventDate "2023.04.07"]
[EventRounds "7"]
[EventCountry "ENG"]

1. d4 Nf6 2. c4 c5 3. e3 e6 4. Nf3 Be7 5. Be2 O-O 6. O-O Qc7 7. Nc3 a6 8. Qc2 Nc6
9. a3 d5 10. dxc5 dxc4 11. Bxc4 Bxc5 12. Be2 Bd6 13. h3 e5 14. Ne4 Nxe4 15. Qxe4
Qe7 16. Rd1 Be6 17. Bc4 Bxc4 18. Qxc4 Rac8 19. Qe4 Kh8 20. Bd2 f5 21. Qa4 e4 22.
Ne1 Ne5 23. Bc3 Rfd8 24. Rd5 Rc4 25. Qb3 b5 26. Rad1 Nc6 27. Rxf5 h6 28. Rfd5 Qe6
29. g3 Ne7 30. Re5 Bxe5 31. Rxd8+ Kh7 32. Bxe5 Qxe5 33. Ng2 Nc6 34. Rd2 Na5 35. Qd1
Qc7 36. Qg4 Rc1+ 37. Kh2 Qe5 38. Nf4 Qg5 39. Qe6 Nc4 40. Qxe4+ Kg8 41. Qa8+ Kh7 42.
Rd8 Qxd8 43. Qxd8 Ne5 44. Qd5  1-0

[Event "3rd 4NCL Easter Congress"]
[Site "Mercure Daventry Court Hotel"]
[Date "2023.04.09"]
[Round "4"]
[Board "14"]
[White "Gunarathne, Senith"]
[Black "Acharya, Kandara"]
[Result "0-1"]
[WhiteElo "1491"]
[BlackElo "1558"]
[PlyCount "102"]
[EventDate "2023.04.07"]
[EventRounds "7"]
[EventCountry "ENG"]

1. e4 c5 2. Nf3 Nc6 3. d4 cxd4 4. Nxd4 Nf6 5. Nc3 g6 6. Be3 Bg7 7. f3 O-O 8. Qd2
d5 9. Nxc6 bxc6 10. Rd1 e6 11. Be2 Bb7 12. Bc5 Re8 13. O-O Qc7 14. Bf2 Nd7 15. f4
Nb6 16. e5 f6 17. exf6 Bxf6 18. Bd4 Qg7 19. Rfe1 Bxd4+ 20. Qxd4 Qxd4+ 21. Rxd4 e5
22. fxe5 Rxe5 23. Rf1 Rf8 24. Rdf4 Rxf4 25. Rxf4 Bc8 26. g4 g5 27. Rf2 d4 28. Nb1
Nd5 29. Nd2 Nf4 30. Bc4+ Kg7 31. Nf3 Nh3+ 32. Kg2 Nxf2 33. Nxe5 Nxg4 34. Nxg4 Bxg4
35. Kg3 Bf5 36. Bb3 Kf6 37. Kf3 Ke5 38. a3 h5 39. Ba4 c5 40. b4 c4 41. Bb5 c3 42.
Ke2 Bxc2 43. a4 g4 44. a5 h4 45. Bc4 g3 46. hxg3 h3 47. Kf2 Be4 48. Kg1 c2 49. b5
c1=Q+ 50. Kf2 Qe3+ 51. Kf1 Bg2#  0-1

[Event "3rd 4NCL Easter Congress"]
[Site "Mercure Daventry Court Hotel"]
[Date "2023.04.09"]
[Round "4"]
[Board "15"]
[White "Holyhead, James"]
[Black "Neatherway, A Philip"]
[Result "1/2-1/2"]
[WhiteElo "1410"]
[BlackElo "1797"]
[PlyCount "79"]
[EventDate "2023.04.07"]
[EventRounds "7"]
[EventCountry "ENG"]

1. d4 Nf6 2. Nf3 g6 3. g3 Bg7 4. Bg2 d5 5. O-O O-O 6. c4 c6 7. b3 a6 8. a4 Bg4 9.
Ne5 Be6 10. Nd2 Nbd7 11. Bb2 Nxe5 12. dxe5 Ng4 13. cxd5 cxd5 14. Nf3 Qd7 15. h3 Nh6
16. g4 Rad8 17. Bd4 Rc8 18. Rc1 Rxc1 19. Qxc1 f6 20. exf6 exf6 21. Qd2 Nf7 22. Rc1
Nd6 23. Qf4 Ne4 24. Rc7 Qd6 25. Qxd6 Nxd6 26. Bc5 Rd8 27. Bxd6 Rxd6 28. Rxb7 d4 29.
Rb4 d3 30. exd3 Rxd3 31. Rd4 Rxb3 32. Rd8+ Kf7 33. Nd4 Rb1+ 34. Kh2 f5 35. Nf3 fxg4
36. hxg4 Rb4 37. Ng5+ Ke7 38. Nxe6 Kxe6 39. Re8+ Kf7 40. Re4  1/2-1/2

[Event "3rd 4NCL Easter Congress"]
[Site "Mercure Daventry Court Hotel"]
[Date "2023.04.09"]
[Round "4"]
[Board "16"]
[White "Wheeler, Tim"]
[Black "Anderson, Thomas R"]
[Result "1/2-1/2"]
[WhiteElo "1597"]
[BlackElo "1865"]
[PlyCount "39"]
[EventDate "2023.04.07"]
[EventRounds "7"]
[EventCountry "ENG"]

1. e4 e5 2. Nf3 d6 3. d4 Nd7 4. Nc3 Ngf6 5. Bc4 Be7 6. O-O c6 7. a4 O-O 8. Re1 a5
9. h3 h6 10. dxe5 dxe5 11. Be3 Qc7 12. Nh2 Nc5 13. f3 Be6 14. Qe2 Nh5 15. Ng4 Nf4
16. Qf1 Rad8 17. Red1 h5 18. Nf2 Rxd1 19. Rxd1 Rd8 20. Rxd8+  1/2-1/2

[Event "3rd 4NCL Easter Congress"]
[Site "Mercure Daventry Court Hotel"]
[Date "2023.04.09"]
[Round "4"]
[Board "17"]
[White "Morrish, John"]
[Black "Nilsson, Adam"]
[Result "0-1"]
[WhiteElo "1828"]
[BlackElo "1618"]
[PlyCount "40"]
[EventDate "2023.04.07"]
[EventRounds "7"]
[EventCountry "ENG"]

1. e4 e6 2. b3 d5 3. Bb2 dxe4 4. Nc3 Nf6 5. Qe2 b6 6. Nxe4 Nbd7 7. Qf3 Rb8 8. Bb5
Be7 9. Nxf6+ Bxf6 10. d4 O-O 11. Ne2 c5 12. Rd1 Qc7 13. O-O Bb7 14. Qh3 cxd4 15.
Bxd4 Bxd4 16. Rxd4 Nf6 17. Bd3 e5 18. Bxh7+ Nxh7 19. Rh4 Qxc2 20. Ng3 Bc8  0-1

[Event "3rd 4NCL Easter Congress"]
[Site "Mercure Daventry Court Hotel"]
[Date "2023.04.09"]
[Round "4"]
[Board "18"]
[White "Baxter, Martin"]
[Black "Butterworth, Paul"]
[Result "0-1"]
[WhiteElo "1766"]
[BlackElo "1798"]
[PlyCount "72"]
[EventDate "2023.04.07"]
[EventRounds "7"]
[EventCountry "ENG"]

1. e4 c5 2. Nc3 a6 3. f4 b5 4. Nf3 Bb7 5. Be2 b4 6. Nd5 e6 7. Ne3 Bxe4 8. d3 Bb7
9. O-O Nf6 10. Bd2 Nc6 11. Ne5 Qc7 12. Bf3 Be7 13. Qe1 O-O 14. Qg3 d6 15. Nxc6 Bxc6
16. Rae1 d5 17. Ng4 Nxg4 18. Qxg4 Bf6 19. f5 exf5 20. Qxf5 Rad8 21. c3 bxc3 22. Bxc3
Bxc3 23. bxc3 Qd7 24. Qg5 Rfe8 25. Bg4 Qd6 26. Qf5 Re7 27. Qg5 f6 28. Qh4 Bd7 29.
Bf3 Rde8 30. Rxe7 Rxe7 31. c4 Bc6 32. Qh3 dxc4 33. Qc8+ Be8 34. dxc4 Qd4+ 35. Kh1
Qxc4 36. Rd1 Qc3  0-1

[Event "3rd 4NCL Easter Congress"]
[Site "Mercure Daventry Court Hotel"]
[Date "2023.04.09"]
[Round "5"]
[Board "1"]
[White "Jackson, Gary C"]
[Black "Raju, Sooraj Menothuparambil"]
[Result "0-1"]
[WhiteElo "1773"]
[BlackElo "1758"]
[PlyCount "42"]
[EventDate "2023.04.07"]
[EventRounds "7"]
[EventCountry "ENG"]

1. e4 Nf6 2. Nc3 d5 3. exd5 Nxd5 4. Nxd5 Qxd5 5. Nf3 Bg4 6. Be2 Nc6 7. O-O e5 8.
d3 Be7 9. a3 O-O-O 10. b4 e4 11. dxe4 Qxe4 12. Bd3 Qd5 13. Bb2 Bf6 14. Bxf6 gxf6
15. h3 Bh5 16. Re1 Rhg8 17. Be4 Qe6 18. Qc1 Qxh3 19. Nh2 Ne5 20. Qf4 Rxg2+ 21. Bxg2
Rg8  0-1

[Event "3rd 4NCL Easter Congress"]
[Site "Mercure Daventry Court Hotel"]
[Date "2023.04.09"]
[Round "5"]
[Board "2"]
[White "Karangad, Mohit Kamal"]
[Black "Borissow, Magnus"]
[Result "0-1"]
[WhiteElo "1645"]
[BlackElo "1582"]
[PlyCount "54"]
[EventDate "2023.04.07"]
[EventRounds "7"]
[EventCountry "ENG"]

1. d4 Nf6 2. c4 g6 3. h4 Bg7 4. Nc3 d6 5. e4 Nc6 6. d5 Ne5 7. Be2 c6 8. Nf3 Nxf3+
9. Bxf3 cxd5 10. exd5 h5 11. O-O O-O 12. Be3 Ng4 13. Bd4 Ne5 14. Be2 Bf5 15. Rc1
Bh6 16. f4 Ng4 17. Bd3 e5 18. Bxf5 gxf5 19. g3 exd4 20. Qxd4 Bg7 21. Qd2 Qb6+ 22.
Kh1 Rfe8 23. Rce1 Rxe1 24. Rxe1 Qf2 25. Qxf2 Nxf2+ 26. Kg2 Bxc3 27. bxc3 Ne4  0-1

[Event "3rd 4NCL Easter Congress"]
[Site "Mercure Daventry Court Hotel"]
[Date "2023.04.09"]
[Round "5"]
[Board "3"]
[White "Ganguly, Anshuman"]
[Black "Brocklehurst, Andrew"]
[Result "1/2-1/2"]
[WhiteElo "1472"]
[BlackElo "1832"]
[PlyCount "67"]
[EventDate "2023.04.07"]
[EventRounds "7"]
[EventCountry "ENG"]

1. e4 c5 2. Nf3 Nc6 3. d4 cxd4 4. Nxd4 e5 5. Nb5 d6 6. N1c3 a6 7. Na3 Nf6 8. Bg5
Be7 9. Bxf6 Bxf6 10. Nd5 O-O 11. Nc4 b5 12. Nce3 Bg5 13. c3 Bxe3 14. Nxe3 Be6 15.
a4 bxa4 16. Rxa4 Qb6 17. b4 Ne7 18. Be2 Rfd8 19. O-O d5 20. exd5 Nxd5 21. Nxd5 Bxd5
22. Qa1 Qg6 23. f3 Bb7 24. Qa2 e4 25. fxe4 Bxe4 26. Bc4 Ra7 27. b5 a5 28. Bxf7+ Rxf7
29. Qxf7+ Qxf7 30. Rxf7 Kxf7 31. Rxe4 Rd1+ 32. Kf2 Rb1 33. c4 a4 34. c5  1/2-1/2

[Event "3rd 4NCL Easter Congress"]
[Site "Mercure Daventry Court Hotel"]
[Date "2023.04.09"]
[Round "5"]
[Board "4"]
[White "Han, Qixiang"]
[Black "Tart, Peter K"]
[Result "0-1"]
[WhiteElo "1365"]
[BlackElo "1856"]
[PlyCount "150"]
[EventDate "2023.04.07"]
[EventRounds "7"]
[EventCountry "ENG"]

1. b3 e5 2. Bb2 Nc6 3. c4 Nf6 4. e3 d5 5. cxd5 Nxd5 6. Nf3 Bd6 7. Bc4 Be6 8. a3 O-O
9. Qc2 Qe7 10. O-O Nf6 11. Bxe6 Qxe6 12. d3 Nd7 13. Nbd2 Rfe8 14. Nc4 Bf8 15. Rfd1
Rad8 16. d4 exd4 17. Nxd4 Nxd4 18. Rxd4 b5 19. Nd2 c5 20. Rh4 Qg6 21. Qxg6 hxg6 22.
Re4 Nf6 23. Rxe8 Rxe8 24. Rc1 Rd8 25. Nf1 Ne4 26. Rc2 Rd3 27. f3 Nd6 28. Rc3 Rxc3
29. Bxc3 c4 30. b4 f5 31. Nd2 Be7 32. Kf2 Bf6 33. Nb1 Kf7 34. h3 Ke6 35. g4 Nc8 36.
Bxf6 gxf6 37. Nc3 Nd6 38. h4 fxg4 39. fxg4 f5 40. gxf5+ gxf5 41. Kf3 Ke5 42. h5 a6
43. h6 Nf7 44. a4 bxa4 45. Nxa4 Nxh6 46. Nc3 Nf7 47. b5 axb5 48. Nxb5 Ng5+ 49. Ke2
Ne4 50. Na3 Nd6 51. Kd2 Ke4 52. Nc2 Nb5 53. Nb4 c3+ 54. Ke2 Na3 55. Na2 Nb1 56. Nc1
c2 57. Nb3 Na3 58. Nd2+ Kd5 59. Nb3 Kc4 60. Nc1 Kc3 61. Kf3 Nc4 62. Kf4 Nd6 63. Ke5
Kd2 64. Nb3+ Kxe3 65. Kxd6 f4 66. Kd5 f3 67. Kc4 f2 68. Kc3 f1=Q 69. Kxc2 Qc4+ 70.
Kb2 Kd3 71. Nc1+ Kd2 72. Nb3+ Kd1 73. Ka1 Kc2 74. Nc1 Qc3+ 75. Ka2 Qb2#  0-1

[Event "3rd 4NCL Easter Congress"]
[Site "Mercure Daventry Court Hotel"]
[Date "2023.04.09"]
[Round "5"]
[Board "5"]
[White "Ward, Andy"]
[Black "Wheeler, Tim"]
[Result "1/2-1/2"]
[WhiteElo "1838"]
[BlackElo "1597"]
[PlyCount "50"]
[EventDate "2023.04.07"]
[EventRounds "7"]
[EventCountry "ENG"]

1. c4 e5 2. Nc3 Nf6 3. g3 d5 4. cxd5 Nxd5 5. Bg2 Nb6 6. e3 Be7 7. Nge2 c6 8. O-O
Bg4 9. Qc2 N8d7 10. f4 O-O 11. fxe5 Bxe2 12. Nxe2 Nxe5 13. d4 Ng6 14. b3 Qd7 15.
Qf5 Rad8 16. Qxd7 Rxd7 17. Bb2 Re8 18. e4 Bf6 19. Rad1 Red8 20. Bh3 Rd6 21. Ba3 Bxd4+
22. Kh1 c5 23. Nxd4 Rxd4 24. Rxd4 cxd4 25. Rd1 Nf8  1/2-1/2

[Event "3rd 4NCL Easter Congress"]
[Site "Mercure Daventry Court Hotel"]
[Date "2023.04.09"]
[Round "5"]
[Board "6"]
[White "Lawrence, Spencer"]
[Black "Stephenson, David W"]
[Result "0-1"]
[WhiteElo "1536"]
[BlackElo "1799"]
[PlyCount "70"]
[EventDate "2023.04.07"]
[EventRounds "7"]
[EventCountry "ENG"]

1. d4 d5 2. Nf3 Nc6 3. g3 Bg4 4. Bg2 Qd7 5. h3 Bf5 6. a3 h6 7. Bf4 g5 8. Be3 Bg7
9. Nbd2 e5 10. Nb3 O-O-O 11. Nxe5 Bxe5 12. dxe5 d4 13. Bd2 b6 14. f4 f6 15. exf6
Nxf6 16. fxg5 Ne4 17. gxh6 Nxg3 18. Rh2 Qd6 19. Bxc6 Qxc6 20. Bf4 Nh5 21. Nxd4 Qe4
22. Qd3 Rxd4 23. Qxe4 Rxe4 24. Bd2 Rhe8 25. e3 Rh4 26. O-O-O Ng3 27. Bc3 Rxh6 28.
h4 Re4 29. Rhd2 Rhxh4 30. Rd8+ Kb7 31. Rf8 Ne2+ 32. Kb1 Nxc3+ 33. bxc3 Re5 34. Rd2
Rb5+ 35. Ka2 Be6+  0-1

[Event "3rd 4NCL Easter Congress"]
[Site "Mercure Daventry Court Hotel"]
[Date "2023.04.09"]
[Round "5"]
[Board "7"]
[White "Ganguly, Aryaman"]
[Black "Royle, Alex"]
[Result "0-1"]
[WhiteElo "1255"]
[BlackElo "1573"]
[PlyCount "104"]
[EventDate "2023.04.07"]
[EventRounds "7"]
[EventCountry "ENG"]

1. e4 Nf6 2. e5 Nd5 3. d4 d6 4. c4 Nb6 5. exd6 exd6 6. Nf3 Bg4 7. b3 Be7 8. Be2 O-O
9. O-O Bf6 10. Bb2 Re8 11. Re1 c6 12. Nbd2 d5 13. c5 N6d7 14. Qc2 Bh5 15. Bd3 Bg6
16. Bxg6 hxg6 17. Rxe8+ Qxe8 18. Re1 Qf8 19. b4 a5 20. a3 axb4 21. axb4 Na6 22. Qb3
Nc7 23. Nb1 Nb5 24. Na3 Nxa3 25. Bxa3 b5 26. Bb2 Qb8 27. h3 Nf8 28. g3 Ne6 29. Kf1
Ra4 30. Ne5 Qc8 31. f4 Nf8 32. Kg2 Ra6 33. Ng4 Qf5 34. Ne5 Ne6 35. Ra1 Rxa1 36. Bxa1
Bxe5 37. fxe5 Nxd4 38. Bxd4 Qe4+ 39. Qf3 Qxd4 40. Qa3 Qxe5 41. Qa8+ Kh7 42. Qxc6
Qe2+ 43. Kg1 d4 44. Qg2 Qe1+ 45. Kh2 Qxb4 46. c6 Qd6 47. Qd2 Qxc6 48. Qxd4 Qc4 49.
Qb2 b4 50. Kg1 b3 51. Qd2 Qc2 52. Qd4 g5  0-1

[Event "3rd 4NCL Easter Congress"]
[Site "Mercure Daventry Court Hotel"]
[Date "2023.04.09"]
[Round "5"]
[Board "8"]
[White "Vaidyanathan, Adithya"]
[Black "Siu, Kam Wa"]
[Result "1/2-1/2"]
[WhiteElo "1387"]
[BlackElo "1642"]
[PlyCount "104"]
[EventDate "2023.04.07"]
[EventRounds "7"]
[EventCountry "ENG"]

1. Nf3 d5 2. d4 c5 3. c3 Nc6 4. Bf4 Nf6 5. e3 e6 6. Bd3 Bd6 7. Bg5 h6 8. Bh4 g5 9.
Bg3 Ne4 10. Bxd6 Qxd6 11. Bxe4 dxe4 12. Nfd2 f5 13. Qh5+ Kd8 14. dxc5 Qxc5 15. Nb3
Qe7 16. N1d2 Bd7 17. O-O-O Ne5 18. Qe2 Ke8 19. f3 Bc6 20. Nd4 Qd7 21. Nxc6 Qxc6 22.
fxe4 fxe4 23. Kb1 Ke7 24. g3 Rad8 25. Qg2 Rd3 26. Qxe4 Rxd2 27. Qxe5 Rhd8 28. Qg7+
Ke8 29. Rdf1 Rf2 30. Qh8+ Ke7 31. Qg7+ Ke8 32. Qg8+ Ke7 33. Qh7+ Ke8 34. Rd1 Rdd2
35. Rxd2 Qxh1+ 36. Kc2 Rxd2+ 37. Kxd2 Qxh2+ 38. Kd3 Qxb2 39. Qxh6 Qb1+ 40. Kd4 Qb6+
41. Kd3 Qb1+ 42. Kd4 Qxa2 43. Qg6+ Kd7 44. Qf7+ Kc6 45. Qe8+ Kb6 46. Qd8+ Ka6 47.
Qxg5 Qd2+ 48. Kc4 Qe2+ 49. Kd4 Qd2+ 50. Kc4 Qe2+ 51. Kd4 Qd2+ 52. Kc4 Qe2+  1/2-1/2

[Event "3rd 4NCL Easter Congress"]
[Site "Mercure Daventry Court Hotel"]
[Date "2023.04.09"]
[Round "5"]
[Board "9"]
[White "Pyun, Lindsay"]
[Black "Jenkins, Theo"]
[Result "0-1"]
[WhiteElo "1544"]
[BlackElo "1479"]
[PlyCount "108"]
[EventDate "2023.04.07"]
[EventRounds "7"]
[EventCountry "ENG"]

1. e4 c5 2. Nf3 e6 3. d4 cxd4 4. Nxd4 Nc6 5. Nc3 Qc7 6. Be2 a6 7. O-O Nf6 8. a3 Be7
9. Be3 O-O 10. Nxc6 bxc6 11. f4 Rb8 12. Rb1 d6 13. Bd3 c5 14. Be2 d5 15. e5 Nd7 16.
Bf2 f6 17. exf6 Nxf6 18. Bh4 Bb7 19. Bf3 Bd6 20. Ne2 d4 21. Bxf6 Rxf6 22. g3 Rbf8
23. Bxb7 Qxb7 24. Qd3 e5 25. fxe5 Bxe5 26. Rxf6 Bxf6 27. Nf4 Qc6 28. Re1 c4 29. Qe4
Qxe4 30. Rxe4 d3 31. cxd3 cxd3 32. Nxd3 Rd8 33. Nc5 Bd4+ 34. Kg2 Bxc5 35. b4 Bf8
36. a4 Rb8 37. b5 axb5 38. axb5 Rxb5 39. Re2 h6 40. g4 Kh7 41. Re6 Rb3 42. h3 Bc5
43. Rc6 Bd4 44. Rc4 Bf6 45. Rc6 Kg8 46. Ra6 Kf7 47. Ra7+ Kg6 48. Ra5 Re3 49. Ra6
Kg5 50. Ra5+ Re5 51. Ra3 Kh4 52. Rd3 Re2+ 53. Kh1 Rc2 54. Kg1 Rc3  0-1

[Event "3rd 4NCL Easter Congress"]
[Site "Mercure Daventry Court Hotel"]
[Date "2023.04.09"]
[Round "5"]
[Board "11"]
[White "Willow, Hambel M"]
[Black "Webster, Vivien"]
[Result "1/2-1/2"]
[WhiteElo "1625"]
[BlackElo "1591"]
[PlyCount "72"]
[EventDate "2023.04.07"]
[EventRounds "7"]
[EventCountry "ENG"]

1. d4 b6 2. c4 Bb7 3. Nc3 e6 4. e3 Nf6 5. Nf3 d5 6. cxd5 Nxd5 7. a3 Nxc3 8. bxc3
Bd6 9. Bd3 O-O 10. O-O Nd7 11. e4 h6 12. e5 Be7 13. Re1 c5 14. Bf4 cxd4 15. cxd4
Rc8 16. Qe2 Rc3 17. Qe3 Nc5 18. Bh7+ Kxh7 19. Qxc3 Bxf3 20. dxc5 Bd5 21. cxb6 Qxb6
22. Rab1 Qa6 23. Qc7 Qxa3 24. Ra1 Qb4 25. Bg3 Rb8 26. Qc2+ g6 27. Rab1 Bb3 28. Qd3
a5 29. Re4 Qc5 30. Qd4 Qc2 31. Ree1 Bc5 32. Qd7 Qf5 33. Qc7 Rb5 34. Qc6 Qd3 35. Qe8
Kg7 36. Rbc1 a4  1/2-1/2

[Event "3rd 4NCL Easter Congress"]
[Site "Mercure Daventry Court Hotel"]
[Date "2023.04.09"]
[Round "5"]
[Board "12"]
[White "Butterworth, Paul"]
[Black "Hall, James"]
[Result "0-1"]
[WhiteElo "1798"]
[BlackElo "1719"]
[PlyCount "100"]
[EventDate "2023.04.07"]
[EventRounds "7"]
[EventCountry "ENG"]

1. c4 a6 2. g3 e5 3. Nc3 Bc5 4. a3 d6 5. Bg2 Ba7 6. d3 Nc6 7. Nf3 f5 8. Bg5 Nge7
9. Nd5 h6 10. Bxe7 Nxe7 11. h4 Nxd5 12. cxd5 c6 13. Qb3 Qa5+ 14. Nd2 c5 15. h5 O-O
16. Qc3 Qd8 17. Nf3 b5 18. Qd2 Bb6 19. O-O Qe8 20. Nh2 Qxh5 21. f4 Qg6 22. Qe3 Rb8
23. Qf3 c4+ 24. Kh1 cxd3 25. Qxd3 e4 26. Qb3 Bd7 27. g4 Rbc8 28. gxf5 Qxf5 29. Qb4
Qxd5 30. Rad1 Qc5 31. Rxd6 Bf5 32. Qxc5 Bxc5 33. Rxa6 Bd4 34. a4 b4 35. b3 Rc2 36.
Rd6 Be3 37. Rfd1 Bxf4 38. Nf1 Rxe2 39. R6d4 Rc8 40. Rd8+ Rxd8 41. Rxd8+ Kh7 42. Rd4
Re1 43. Rxb4 Bd2 44. Rd4 e3 45. Kh2 Bc3 46. Rd5 Be6 47. Rc5 Bd4 48. Rb5 e2 49. Be4+
Kg8 50. Bg6 exf1=Q  0-1

[Event "3rd 4NCL Easter Congress"]
[Site "Mercure Daventry Court Hotel"]
[Date "2023.04.09"]
[Round "5"]
[Board "13"]
[White "Nilsson, Adam"]
[Black "Obi, Okwose Marc"]
[Result "0-1"]
[WhiteElo "1618"]
[BlackElo "1772"]
[PlyCount "92"]
[EventDate "2023.04.07"]
[EventRounds "7"]
[EventCountry "ENG"]

1. Nf3 d5 2. c4 d4 3. e3 c5 4. exd4 cxd4 5. d3 Nc6 6. g3 e5 7. Bg2 Nf6 8. O-O Bd6
9. Bg5 O-O 10. a3 a5 11. Nbd2 Bf5 12. Qe2 h6 13. Bxf6 Qxf6 14. Ne4 Qe7 15. Nxd6 Qxd6
16. Nd2 Qd7 17. Rab1 a4 18. b4 axb3 19. Rxb3 Bh3 20. Bxh3 Qxh3 21. Rxb7 Rxa3 22.
Qf3 Qc8 23. Rfb1 Na5 24. R7b6 Nxc4 25. Nxc4 Qxc4 26. dxc4 Rxf3 27. Rc1 Rc8 28. c5
Rc3 29. Rxc3 dxc3 30. Rb1 Rxc5 31. Rc1 c2 32. Kf1 f5 33. Ke2 Kf7 34. Kd2 Ke6 35.
Rxc2 Rxc2+ 36. Kxc2 Kd5 37. Kd3 g5 38. Ke3 g4 39. f3 gxf3 40. Kxf3 Kd4 41. Ke2 Ke4
42. h3 h5 43. h4 Kd4 44. Kd2 e4 45. Ke2 e3 46. Kd1 Kd3  0-1

[Event "3rd 4NCL Easter Congress"]
[Site "Mercure Daventry Court Hotel"]
[Date "2023.04.09"]
[Round "5"]
[Board "14"]
[White "Dos Santos Silva, Bruno Alexandre"]
[Black "Johnson, Richard J"]
[Result "1/2-1/2"]
[WhiteElo "1631"]
[BlackElo "1874"]
[PlyCount "70"]
[EventDate "2023.04.07"]
[EventRounds "7"]
[EventCountry "ENG"]

1. d4 d6 2. e4 Nf6 3. Nc3 g6 4. Nf3 Bg7 5. Be2 O-O 6. O-O Nc6 7. Be3 e5 8. dxe5 dxe5
9. h3 Qe7 10. Bc4 Rd8 11. Qe2 Be6 12. Bb3 Bxb3 13. axb3 Nd4 14. Bxd4 exd4 15. Nb5
Qxe4 16. Qxe4 Nxe4 17. Rfe1 f5 18. Nxc7 Rac8 19. Ne6 Rd7 20. Nxg7 Kxg7 21. Re2 a6
22. Rd1 Rcd8 23. Ne5 Rd5 24. Nd3 Kf6 25. f3 Ng3 26. Red2 g5 27. Kf2 f4 28. Nb4 R5d6
29. c3 Nf5 30. Rd3 a5 31. Nc2 Ne3 32. R1d2 Nxc2 33. Rxc2 dxc3 34. Rxd6+ Rxd6 35.
bxc3 Rb6  1/2-1/2